Quizzes
Events
Quiz Creation
Community
Videos
Private Events
Remove Ads
Sign In
Join for FREE
Feedback
Dark Mode
Quiz Categories
Sports
Geography
Music
Movies
Television
Just For Fun
Miscellaneous
History
Literature
Language
Science
Gaming
Entertainment
Religion
Holiday
For Kids
Quiz Lab
Recent
Popular Today
Quiz Kudos Today
Editor Picks
Curator Picks
Quizzes by...
Day
Popularity
Type
Ratings
Length
Year
Community
Subscriptions
Recent Discussions
Orange Saloon
Badges
Playlists
Quests
Create
Leaderboards
Showdown
Live 5
Trivia Bingo
Activity
Puzzle Library
Sporcle Events
Private Events
Virtual Trivia
Globe League
Become a Host
Pub Owners
SporcleCon
Opinionation
Our Games
Videos
Blog
Mobile Apps
Partnerships
Remove Ads and Go Orange
Feedback
Geography
Country
Landmarks
City
State
Population
World
Capital
Continent
Flags
Europe
Africa
Asia
South America
North America
Oceania
Border
Canada
United Kingdom
Topography
United States
Geography
Country
Landmarks
City
State
Population
World
Capital
Continent
Flags
Europe
Africa
Asia
South America
North America
Oceania
Border
Canada
United Kingdom
Topography
United States
Random Quiz
Search Sporcle
×
Quiz Lab
Quiz Lab
Geography
francisco
Type in answers that appear in a list
Type in answers that appear in a list
Classic
Best Score? Go Orange.
San Francisco Bay Area Toll Bridges Stats
Can you name the San Francisco Bay Area Toll Bridges?
By
totebags
5m
8 Questions
487 Plays
487 Plays
487 Plays
Comments
Comments
Give Quiz Kudos
Give Quiz Kudos
-
- Ratings
hide this ad
More Info
Replay
Link that replays current quiz
Next Quiz
Link to next quiz in quiz playlist
You Got
0%
They Got
Avg Score
70%
Avg Friend Score
Upgrade to see
Score Distribution
Jump to the score distribution portion of the page
Score
0/8
Timer
05:00
0
Plays Today
% Correct
Golden Gate Bridge
97.9%
San Francisco-Oakland Bay Bridge
96.1%
San Mateo-Hayward Bridge
85.8%
Richmond-San Rafael Bridge
77.6%
Dumbarton Bridge
71.9%
Benicia-Martinez Bridge
54.4%
Carquinez Bridge
50.5%
Antioch Bridge
30.8%
Quiz Playlist
Details
Report
Send in Message
Add To Playlist
More Info:
These bridges fall under the jurisdiction of the Bay Area Toll Authority and the Golden Gate Bridge, Highway and Transportation District.
Classic:
Type in answers that appear in a list
Quiz Source
Last Updated: Feb 16, 2017
Quiz Scoreboard
CHALLENGE
Sign Up to Join the Scoreboard
Show All
Scores
Hide
Comments
May contain spoilers
Recently Published
TV Characters by Other Roles V
by ghcgh
Television
5m
Decade Duel: World Leaders
by jenniferyan
History
4m
Alphabetical 'K' Countries by Flag Minefield
by ylime102
Geography
3m
More to Explore
Quiz From the Vault
Featured Blog Post
15 Basketball Trivia Facts You Can Be March Mad About
hide this ad
You Might Also Like...
Tags
area
Bay
Bay Area
bridge
francisco
san
San Francisco
toll
Toll Bridges
Today's Top Quizzes in Geography
Browse Geography
hide this ad
Today's Top Quizzes in francisco
Browse francisco
Top Contributed Quizzes in Geography
1
Countries of the World - No Outlines Minefield
2
'A' Capitals Crossword
3
Countries of the World: 1800
4
Least Populated Answer: 'G' Countries
5
Pick 6: Mountains
6
Alphabetical 'L' Countries By Flag Minefield
7
Pick 6: National Parks
8
Pick 6: US States
9
Alphabetical 'M' Countries By Flag Minefield
10
Lietuvos savivaldybės (Lithuanian Municipalities)
Explore More
Trending Topics
Kpop
Harry Potter
Anime
Crossword
Disney
NBA
Marvel
Country
Puzzle
Soccer
NFL
Song
WWE
Pokémon
The Office
hide this ad
More By:
totebags
Quiz
Plays
Rating
Category
Featured
Created
San Francisco Bay Area Toll Bridges
487
5.00
Geography
Jan 28, 2010
TV show by its guest stars
339
4.40
Television
Nov 19, 2009
Eight is Enough children
293
5.00
Television
Jan 8, 2010
Words or phrases that contain 'Californi-'
226
4.00
Just For Fun
Feb 14, 2010
Going to Disney World/Disneyland
198
Sports
Feb 9, 2010
Go to Creator's Profile
Score Distribution
Quiz Creator Spotlight
totebags
Follow
Send a Message
Quizzes Created
-
Created Quiz Play Count
-
More By This Creator
Popular Quizzes Today
1
Countries of Asia Without Outlines Minefield
2
Find the US States - No Outlines Minefield
3
Pick 6: Fruits
4
The Countries of the World
5
Find the Countries of Europe - No Outlines Minefield
6
Alphabetical 'K' Countries by Flag Minefield
7
Find the US States
8
US States
More Geography Quizzes
Counties of Sweden
Published
Trending Quizzes
Pick 6: Mountains
Pick 6: Harry Potter
Pick 6: NFL Teams
Pick 6: Flags
C Names for Actors
Recently Updated
Adaptations: Name the Title
pecheneg
NWSL Teams
pecheneg
Women's Final Four Teams by Year
bhenderson79
Presidents Quartet II
eogle
Anything But Clue(do)
eogle
Anything But Oceanian Capitals
eogle
Anything But 7
eogle
Anything But Thing
eogle
Word Ladder: February 29
pecheneg
Song Title Questions
pecheneg
Trending Topics
Harry Potter
Crossword
NBA
Anime
Disney
Kpop
Marvel
Country
WWE
The Office
Song
Pokémon
NFL
Puzzle
Soccer
Your Account Isn't Verified!
In order to create a playlist on Sporcle, you need to verify the email address you used during registration. Go to your
Sporcle Settings
to finish the process.
Report this User
Report this user for behavior that violates our
Community Guidelines
.
Details:
Send Report
Go to the Sporcle.com Mobile Site →
Comments